Diseases of horticultural crops diagnosis and management

Сохранить в:
Библиографические подробности
Формат:
Язык:английский
Опубликовано: Apple Academic Press 2022
Метки: Добавить метку
Нет меток, Требуется 1-ая метка записи!

MARC

LEADER 00000nam a22000007a 4500
008 240603b |||||||| |||| 00| 0 eng d
020 |a 9781771889926 
245 |a Diseases of horticultural crops  |b diagnosis and management  |c /edited by J.N. Srivastava, A.K. Singh  |e (Innovations in horticulture science)  |g xii, 311p;ill 
250 |c Srivastava, J.N. 
250 |c Singh, A.K. 
260 |b Apple Academic Press  |c 2022  |h Ontario, Canada  |i 702267  |i 702268  |l SB731.D64  |m Plant diseases- Diagnosis  |m Phytopathogenic microorganisms- Control 
500 |a it includes references and index 
942 |a lcc  |c BK  |e Johnson  |f 03/06/24 
952 |0 0  |1 0  |2 lcc  |4 0  |6 SB0731 D64  |7 0  |9 5221  |a AG  |b HOL  |c QZ  |d 2024-06-03  |l 0  |o SB731.D64  |p 2024-0466  |r 2024-06-03 00:00:00  |t 702267  |w 2024-06-03  |y BK 
952 |0 0  |1 0  |2 lcc  |4 0  |6 SB0731 D64  |7 0  |9 5222  |a HOL  |b HOL  |c QZ  |d 2024-06-03  |l 0  |o SB731.D64  |p 2024-0467  |r 2024-06-03 00:00:00  |t 702267  |w 2024-06-03  |y BK 
999 |c 2592  |d 2592